Cantons Suisses - Statistiques

Statistiques générales
  • Ce quiz a été pris 55 fois
  • Le résultat moyen est 23 sur 26
Réponses sur la Carte
Les réponses sont colorées sur une échelle allant du rouge au vert en fonction du pourcentage des utilisateurs qui les ont devinées à leur premier essai. Vous pouvez retrouver ces pourcentages ci-dessous.
 
Statistiques - réponses
Canton % Correct
Berne
100%
Tessin
100%
Bâle-Campagne
97%
Bâle-Ville
97%
Genève
97%
Lucerne
97%
Neuchâtel
97%
Uri
97%
Valais
97%
Vaud
97%
Zurich
97%
Fribourg
94%
Grisons
94%
Jura
94%
Schwytz
94%
Soleure
89%
Nidwald
83%
Obwald
83%
Saint-Gall
83%
Argovie
81%
Thurgovie
81%
Glaris
78%
Zoug
75%
Appenzell Rhodes Extérieures
72%
Schaffhouse
72%
Appenzell Rhodes Intérieures
69%
Aucun quiz correspondant
Distribution des résultats
% des personnes avec chaque résultat
Percentile par nombre de réponses
Votre historique - résultats
Vous n’avez pas pris ce quiz